Como cuidar nuestro planeta (Registro nro. 19861)
[ vista simple ]
| 000 -CABECERA | |
|---|---|
| Campo de control | 00768nam a22002417a 4500 |
| 005 - FECHA Y HORA DE LA ULTIMA TRANSACCION | |
| Campo de control | 20170926091152.0 |
| 008 - ELEMENTOS DE LONGITUD FIJA—INFORMACION GENERAL | |
| Campo de control | 170925b2015 ck ||||| |||| 00| 0 spa d |
| 020 ## - ISBN | |
| ISBN | 9789583050701 |
| 040 ## - FUENTE DE CATALOGACIÓN | |
| Agencia catalogadora original | CO-BoIAVH |
| Agencia transcriptora | CO-BoIAVH |
| 041 ## - IDIOMA | |
| Código de idioma para texto/pista de sonido o título separado | Español |
| 044 ## - PAÍS DE PUBLICACIÓN | |
| País de publicación | Colombia |
| 090 ## - CLASIFICACIÓN LOCAL | |
| Colección | I-PAN |
| Consecutivo | 06 |
| 100 1# - ASIENTO PRINCIPAL--NOMBRE PERSONAL | |
| Nombre personal | Orozco Velásquez, Diana Maria |
| 9 (RLIN) | 78525 |
| 245 10 - MENCION DE TITULO | |
| Título | Como cuidar nuestro planeta |
| 260 ## - PUBLICACION, DISTRIBUCION, ETC. (PIE DE IMPRENTA) | |
| Lugar de publicación, distribución, etc. | Bogotá: |
| Nombre del editor, distribuidor, etc. | Panamericana editorial, |
| Fecha de publicación, distribución, etc. | 2015. |
| 300 ## - DESCRIPCION FISICA | |
| Extensión | 48 páginas |
| Otros detalles físicos | ilustraciones |
| Dimensiones | 28 x 25 cm |
| 650 14 - ASIENTO SECUNDARIO DE MATERIA - TERMINO TEMATICO | |
| Término temático o nombre geográfico como elemento de entrada | Recursos naturales |
| Subdivisión de forma | Conservación |
| 9 (RLIN) | 85029 |
| 650 14 - ASIENTO SECUNDARIO DE MATERIA - TERMINO TEMATICO | |
| Término temático o nombre geográfico como elemento de entrada | Ecologia |
| Subdivisión de forma | Preguntas |
| 9 (RLIN) | 85030 |
| 650 14 - ASIENTO SECUNDARIO DE MATERIA - TERMINO TEMATICO | |
| Término temático o nombre geográfico como elemento de entrada | Ecologia |
| Subdivisión de forma | Respuestas |
| 9 (RLIN) | 85031 |
| 700 ## - ASIENTO SECUNDARIO - NOMBRE PERSONAL | |
| Nombre personal | Orozco, Velasquez, Gina Marcela |
| 9 (RLIN) | 78530 |
| 700 ## - ASIENTO SECUNDARIO - NOMBRE PERSONAL | |
| Nombre personal | Montenegro Villalba, Margarita |
| Término de relación | editora |
| 9 (RLIN) | 85032 |
| 942 ## - ELEMENTOS ADICIONALES (KOHA) | |
| Sistema de clasificación | Local |
| Tipo de ítem | Libro |
| Withdrawn status | Lost status | Sistema de Clasificación | Damaged status | No para préstamo | Colección | Inventariado | Ubicación Permanente | Ubicación actual | Fecha de adquisición | Fuente de Valor | Valor | Total Checkouts | Número topográfico | Inventario / Código de Barras | Date last seen | Ejemplar | Price effective from | Forma de adquisición | Tipo de material |
|---|---|---|---|---|---|---|---|---|---|---|---|---|---|---|---|---|---|---|---|
| Local | Infantil | Inventariado 2017 | Bogotá | Bogotá | 25/09/2017 | Lerner | 23000.00 | I-IPAN-06 | 042792 | 25/09/2017 | Ej. 1 | 25/09/2017 | Compra | Libro |